000 00877 a2200241 4500
005 20250506085123.0
020 _a9780470480939 (cloth)
050 0 0 _aSB472.3
_bCOO 2011
100 1 _aCook, Thomas W.
_eauthor
245 1 0 _aSustainable landscape management :
_bputting principles into practice /
_cThomas Cook, Ann Marie Van Der Zanden.
264 _aNew Jersey :
_bJohn Wiley and Sons Inc.,
_c2011
300 _axiv, 232 pages :
_billustrations ;
336 _2rdacontent
_atext
_btxt
337 _2rdamedia
_aunmediated
_bn
338 _2rdacarrier
_avolume
_bnc
504 _aIncludes bibliographical references (p. 215-222) and index.
650 0 _aLandscape protection.
650 0 _aGrounds maintenance.
650 0 _aSustainable development.
650 0 _aSustainable horticulture.
700 1 _aVan Der Zanden, Ann Marie,
_eauthor
942 _2lcc
_cBK
_h472.3
_iCOO
_kSB
999 _c5814
_d5814